Consumo de sustancias psicoactivas en adolescentes escolarizados en tres localidades de Santa Fe de Bogotá, D.C.

El objetivo de este estudio es mostrar los problemas sociales de los jóvenes, conexos al abuso de drogas y la violencia urbana en una ciudad como Bogotá.

Gespeichert in:
Bibliographische Detailangaben
Weitere Verfasser: Silva Hermida , Hermann Ricardo
Format: Buch
Sprache:Spanish
Veröffentlicht: Bogotá: UCPI, 1998
Schriftenreihe:Periscopio universitario
Schlagworte:
Online Zugang:Enlace del recurso
Tags: Tag hinzufügen
Keine Tags, Fügen Sie den ersten Tag hinzu!

MARC

LEADER 00000nam a2200000 a 4500
001 001257
008 030715s1998 ck a fr# o000|0#spa#d
020 |a 958-662-022-0 
041 0 |a spa 
043 |a s-ck--- 
082 0 4 |a 362.29  |b C557c 
245 1 0 |a Consumo de sustancias psicoactivas en adolescentes escolarizados en tres localidades de Santa Fe de Bogotá, D.C.  |c Hermann Ricardo Silva Hermida ... [et al.] 
260 |a Bogotá:  |b UCPI,  |c 1998 
300 |a 77 p.:  |b il., tabl. 
440 0 |a Periscopio universitario 
504 |a Incluye bibliografía. 
520 3 |a El objetivo de este estudio es mostrar los problemas sociales de los jóvenes, conexos al abuso de drogas y la violencia urbana en una ciudad como Bogotá. 
650 1 4 |a DROGAS Y JÓVENES  |z COLOMBIA 
650 1 4 |a DROGADICCIÓN 
700 1 |a Silva Hermida , Hermann Ricardo 
999 |c 3409  |d 3409 
856 |u https://catalogo.idep.edu.co/cgi-bin/koha/opac-detail.pl?biblionumber=3409  |z Enlace del recurso